Colmar de A à Z - Statistiques

Statistiques générales
  • Ce quiz a été pris 15 fois
    2 depuis la dernière actualisation
  • Le résultat moyen est 10 sur 24
Statistiques - réponses
Hint Réponse % Correct
Pays voisin Allemagne
100%
Sculpteur célèbre né à Colmar Bartholdi
100%
Colmar en a plusieurs, dont une collégiale Églises
100%
Département Haut-Rhin
100%
Objet enfantin qu'un musée local honore Jouet
100%
Surnom d'un quartier touristique Petite Venise
100%
Fête de dix jours que Colmar accueille en été Foire aux Vins
50%
Pays d'une ville jumelle Italie
50%
Gâteau apprécié des habitants Kougelhopf
50%
Forêt en périphérie Neuland
50%
Ils s'appellent "Maraîchers", "Saint-Léon" ou "Europe" Quartiers
50%
Il fait le tour de la ville train
50%
Avec le rouge, couleur du blason de la ville vert
50%
Oiseau qui donne son nom à la ville Colombe
0%
Alliance médiévale de dix cités dont Colmar faisait partie Décapole
0%
Peintre du Retable d'Issenheim conservé à Colmar Grünewald
0%
Affluent de l'Ill Lauch
0%
Colmar leur doit ses touristes internationaux marchés
0%
Nettoyage traditionnel à Pâques Osterputz
0%
Bartholdi lui a dédié une fontaine pour ses faits d'armes Roesselmann
0%
Peintre de la fin du Moyen-Âge né à Colmar qui donne son nom à un lycée local Schongauer
0%
Ancien couvent dominicain reconverti en musée Unterlinden
0%
Nom civil de l'illustrateur colmarien Hansi Waltz
0%
Le plus proche est à Mulhouse Zoo
0%
Aucun quiz correspondant
Distribution des résultats
% des personnes avec chaque résultat
Percentile par nombre de réponses
Votre historique - résultats
Vous n’avez pas pris ce quiz depuis la dernière actualisation